HBF regional survey of house builders (Record no. 77020)

MARC details
000 -LEADER
fixed length control field 01253cab a2200205 4500
001 - CONTROL NUMBER
control field ##L133464
008 - FIXED-LENGTH DATA ELEMENTS--GENERAL INFORMATION
fixed length control field 060511n2006 000 0 eng u
035 ## - SYSTEM CONTROL NUMBER
System control number (Sirsi) u133464
041 0# - LANGUAGE CODE
Language code of text/sound track or separate title eng
110 2# - MAIN ENTRY--CORPORATE NAME
Corporate name or jurisdiction name as entry element Home Builders Federation
9 (RLIN) 4896
245 00 - TITLE STATEMENT
Title HBF regional survey of house builders
Remainder of title March 2006
260 ## - PUBLICATION, DISTRIBUTION, ETC.
Date of publication, distribution, etc. 2006
490 #0 - SERIES STATEMENT
Series statement Housing Market Report
Volume/sequential designation (167) April 2006, 6-11(6)
520 ## - SUMMARY, ETC.
Summary, etc. Presents the full results of the March 2006 (HBF) regional survey of house builders. March showed a continued improvement in both visitor numbers and reservations. Although the rate of acceleration appears to have slowed market conditions are considerably better than a year ago. New home prices rose in March for the third successive month and the industry is extremely confident that sales volumes and prices will rise in the year ahead. Buyer confidence has become a less significant constraint on demand. Planning delays remain the major factor holding back supply and land prices and availability are also problematic. Charts and tables.
590 ## - LOCAL NOTE (RLIN)
Local note IKA230506
650 24 - SUBJECT ADDED ENTRY--TOPICAL TERM
Topical term or geographic name entry element HBF REGIONAL SURVEY OF HOUSE BUILDERS
651 #4 - SUBJECT ADDED ENTRY--GEOGRAPHIC NAME
Geographic name England and Wales
Chronological subdivision 1543-
690 ## - LOCAL SUBJECT ADDED ENTRY--TOPICAL TERM (OCLC, RLIN)
Topical term or geographic name as entry element PROPERTY-RESIDENTIAL PROPERTY-RESIDENTIAL PROPERTY MARKET
942 ## - ADDED ENTRY ELEMENTS (KOHA)
Suppress in OPAC 0
Holdings
Withdrawn status Lost status Source of classification or shelving scheme Damaged status Not for loan Home library Current library Shelving location Date acquired Total Checkouts Full call number Barcode Date last seen Copy number Price effective from Koha item type
    Dewey Decimal Classification     London London Journal article 11/05/2006   L133464 133464-1001 06/08/2019 1 06/08/2019 Journal article